[Event "ISR-chT"]
[Site "Israel"]
[Date "2023.01.14"]
[Round "1.5"]
[White "Aharon, Ofir"]
[Black "Zanan, Evgeny"]
[Result "1/2-1/2"]
[WhiteElo "2256"]
[BlackElo "2483"]
[PlyCount "184"]
[EventDate "2023.01.11"]
[EventType "team-tourn"]
[EventRounds "11"]
[EventCountry "ISR"]
[SourceTitle "CBM 212 Extra"]
[Source "ChessBase"]
[SourceDate "2023.03.31"]
[SourceVersion "1"]
[SourceVersionDate "2023.03.31"]
[SourceQuality "1"]
[WhiteTeam "Haifa Nesher"]
[BlackTeam "Rishon Le Zion"]
[WhiteTeamCountry "ISR"]
[BlackTeamCountry "ISR"]

1. e4 e5 2. Nf3 Nc6 3. Bb5 g6 4. c3 a6 5. Bc4 Bg7 6. d4 exd4 7. cxd4 b5 8. Be2 d6 9. d5 Na5 10. Nd4 Ne7 11. 0-0 0-0 12. Be3 Bd7 13. Nd2 f5 14. f3 f4 15. Bf2 c5 16. dxc6 Nexc6 17. N2b3 Nc4 18. Bxc4+ bxc4 19. Nxc6 Bxc6 20. Nd4 Bd7 21. Rc1 Rc8 22. Qd2 Qg5 23. Kh1 Qe5 24. Rc3 Qa5 25. Qc1 Be5 26. Rd1 Qb4 27. Rd2 Rc7 28. a3 Qa5 29. b4 Qa4 30. Rxc4 Rxc4 31. Qxc4+ Kg7 32. Qb3 Rc8 33. Ne6+ Kg8 34. Qxa4 Bxa4 35. g3 g5 36. Nxg5 Rc3 37. Kg2 Rxa3 38. Ne6 fxg3 39. hxg3 Bd7 40. Nd8 Bb5 41. Bd4 Ra4 42. Bxe5 dxe5 43. Rb2 Ra1 44. Ne6 Kf7 45. Nc7 Bf1+ 46. Kf2 Rc1 47. Ra2 Bc4 48. Rb2 Kf6 49. b5 axb5 50. Nxb5 h5 51. Nd6 Be6 52. Rd2 Kg5 53. Ke3 Re1+ 54. Re2 Rxe2+ 55. Kxe2 h4 56. gxh4+ Kxh4 57. Ke3 Kg5 58. Nb5 Kf6 59. Nc3 Bc4 60. Nd1 Ke6 61. Kf2 Bb3 62. Ne3 Ba4 63. Kg3 Bb5 64. Nf5 Ba4 65. Kg4 Bd1 66. Ne3 Be2 67. Nd5 Bc4 68. Nc3 Kf6 69. Kh5 Bf7+ 70. Kh6 Bc4 71. Nb1 Be2 72. Nd2 Bd1 73. Kh7 Be2 74. Kh6 Bd1 75. Kh5 Be2 76. Kg4 Bb5 77. Nb3 Bc4 78. Nc5 Be2 79. Nd7+ Ke6 80. Nf8+ Ke7 81. Nh7 Ke6 82. Nf8+ Ke7 83. Ng6+ Kf6 84. Nh4 Bd1 85. Ng2 Be2 86. Kg3 Bd1 87. Kf2 Ke6 88. Ke3 Ba4 89. Kd3 Bb5+ 90. Kc3 Bf1 91. Ne1 Be2 92. Kb4 Kd6 1/2-1/2

[Event "Netanya op"]
[Site "Netanya"]
[Date "2019.07.02"]
[Round "9"]
[White "Flom, Gabriel"]
[Black "Aharon, Ofir"]
[Result "1-0"]
[WhiteElo "2480"]
[BlackElo "2302"]
[PlyCount "73"]
[EventDate "2019.06.23"]
[EventType "swiss"]
[EventRounds "9"]
[EventCountry "ISR"]
[SourceTitle "CBM 191 Extra"]
[Source "ChessBase"]
[SourceDate "2019.09.30"]
[SourceVersion "1"]
[SourceVersionDate "2019.09.30"]
[SourceQuality "1"]

1. d4 Nf6 2. c4 g6 3. Nc3 d5 4. Nf3 Bg7 5. h4 c6 6. Bg5 h6 7. Bxf6 Bxf6 8. e3 0-0 9. Be2 Qa5 10. Qc2 Na6 11. a3 Bf5 12. Qc1 dxc4 13. Bxc4 Bg4 14. b4 Qh5 15. Ne2 Bxf3 16. Ng3 Qg4 17. gxf3 Qxf3 18. Qc2 e6 19. h5 g5 20. Qd3 Rfd8 21. Bxa6 bxa6 22. Qe4 Qxe4 23. Nxe4 Be7 24. Ke2 a5 25. bxa5 Rd5 26. Rhc1 Rxa5 27. Rxc6 Rxa3 28. Rb1 Bd8 29. Rb7 Ra2+ 30. Kf1 Bb6 31. d5 exd5 32. Nf6+ Kg7 33. Nxd5 Rd8 34. Rf6 Rf8 35. Rg6+ Kh8 36. Nf6 Bxe3 37. fxe3 1-0

[Event "Netanya op"]
[Site "Netanya"]
[Date "2019.06.28"]
[Round "6"]
[White "Aharon, Ofir"]
[Black "Yaniv, Yuval"]
[Result "1-0"]
[WhiteElo "2302"]
[BlackElo "2120"]
[PlyCount "75"]
[EventDate "2019.06.23"]
[EventType "swiss"]
[EventRounds "9"]
[EventCountry "ISR"]
[SourceTitle "CBM 191 Extra"]
[Source "ChessBase"]
[SourceDate "2019.09.30"]
[SourceVersion "1"]
[SourceVersionDate "2019.09.30"]
[SourceQuality "1"]

1. e4 c5 2. Nf3 e6 3. b3 a6 4. Bb2 Nc6 5. d4 cxd4 6. Nxd4 Bb4+ 7. c3 Be7 8. Bd3 Nf6 9. Nxc6 bxc6 10. e5 Nd5 11. 0-0 Qc7 12. c4 Nf4 13. Be4 Bb7 14. Nd2 f5 15. exf6 Bxf6 16. Bxf6 gxf6 17. g3 Ng6 18. c5 f5 19. Bg2 Qe5 20. Rc1 Ke7 21. Re1 Qd4 22. Rc4 Qf6 23. Rb4 Ra7 24. Nc4 Bc8 25. Qd6+ Kf7 26. Qb8 Ra8 27. Qxa8 Qc3 28. Rb8 Qxe1+ 29. Bf1 Nh4 30. Rxc8 Nf3+ 31. Kg2 Qd1 32. Ne5+ Nxe5 33. Rxh8 Qd5+ 34. Kh3 Ng6 35. Rxh7+ Kf6 36. Qd8+ Ke5 37. f4+ Kd4 38. Rxd7 1-0

[Event "ISR-ch"]
[Site "Maalot Tarshiha"]
[Date "2018.12.12"]
[Round "1"]
[White "Baron, Tal"]
[Black "Aharon, Ofir"]
[Result "1-0"]
[WhiteElo "2532"]
[BlackElo "2320"]
[PlyCount "85"]
[EventDate "2018.12.12"]
[EventType "swiss"]
[EventRounds "9"]
[EventCountry "ISR"]
[SourceTitle "CBM 187 Extra"]
[Source "ChessBase"]
[SourceDate "2018.11.04"]
[SourceVersion "1"]
[SourceVersionDate "2018.11.04"]
[SourceQuality "1"]

1. d4 Nf6 2. c4 g6 3. f3 d5 4. cxd5 Nxd5 5. e4 Nb6 6. Nc3 Bg7 7. Be3 0-0 8. Qd2 e5 9. d5 c6 10. h4 cxd5 11. exd5 N8d7 12. h5 Nf6 13. hxg6 fxg6 14. 0-0-0 Bd7 15. Kb1 Rc8 16. d6 e4 17. Ka1 Na4 18. Nge2 Qa5 19. Bd4 Nc5 20. Nc1 Be6 21. Nd5 Nb3+ 22. Nxb3 Qxd5 23. Bxf6 Qxd2 24. Nxd2 Rxf6 25. Nxe4 Rf5 26. Bd3 Ra5 27. Bb1 Rb5 28. Rd2 Rd8 29. Rhd1 Kf8 30. g4 Rb6 31. Re2 Bc4 32. Rc2 Be5 33. f4 Bg7 34. Rdd2 Bf7 35. Rc7 h6 36. a3 Ra6 37. Ba2 Bxa2 38. Kxa2 Rb6 39. b4 a5 40. bxa5 Rb5 41. Nc5 Rxd6 42. Rxd6 Rb2+ 43. Ka1 1-0

[Event "ISR-chT"]
[Site "Israel"]
[Date "2018.02.23"]
[Round "9.6"]
[White "Smirin, Ilia"]
[Black "Aharon, Ofir"]
[Result "1-0"]
[WhiteElo "2613"]
[BlackElo "2288"]
[PlyCount "81"]
[EventDate "2018.01.05"]
[EventType "team-tourn"]
[EventRounds "11"]
[EventCountry "ISR"]
[SourceTitle "EXT 2019"]
[Source "ChessBase"]
[SourceDate "2018.10.10"]
[SourceVersion "1"]
[SourceVersionDate "2018.10.10"]
[SourceQuality "1"]
[WhiteTeam "Ashdod Elite"]
[BlackTeam "Kfar Saba Hapoel II"]
[WhiteTeamCountry "ISR"]
[BlackTeamCountry "ISR"]

1. e4 c5 2. Nf3 d6 3. d4 cxd4 4. Nxd4 Nf6 5. Nc3 a6 6. Be2 e5 7. Nb3 Be7 8. Be3 0-0 9. g4 Be6 10. g5 Nfd7 11. h4 Nb6 12. Qd2 N8d7 13. f4 exf4 14. Bxf4 Ne5 15. 0-0-0 Rc8 16. Kb1 Nbc4 17. Bxc4 Rxc4 18. Nd4 Rb4 19. b3 Nc4 20. Qe1 Na3+ 21. Kb2 Qa5 22. Nd5 Bxd5 23. exd5 Rc8 24. c3 Rb6 25. h5 Nb5 26. Nxb5 axb5 27. b4 Qa8 28. Rh2 Ra6 29. Kb1 Re8 30. Re2 Kf8 31. Rd4 Qc8 32. Kb2 Qf5 33. a3 Raa8 34. Rde4 Qd7 35. h6 g6 36. Qd2 f6 37. Re6 Kf7 38. Qd4 Bf8 39. Bxd6 Bxd6 40. Qxf6+ Kg8 41. Rxe8+ 1-0

[Event "ISR-chT"]
[Site "Israel"]
[Date "2018.02.09"]
[Round "5.4"]
[White "Aharon, Ofir"]
[Black "Gurbanov, Andrei"]
[Result "0-1"]
[WhiteElo "2288"]
[BlackElo "2339"]
[PlyCount "96"]
[EventDate "2018.01.05"]
[EventType "team-tourn"]
[EventRounds "11"]
[EventCountry "ISR"]
[SourceTitle "CBM 182 Extra"]
[Source "ChessBase"]
[SourceDate "2018.02.23"]
[SourceVersion "1"]
[SourceVersionDate "2018.02.23"]
[SourceQuality "1"]
[WhiteTeam "Kfar Saba Hapoel II"]
[BlackTeam "Haifa Nesher"]
[WhiteTeamCountry "ISR"]
[BlackTeamCountry "ISR"]

1. g3 d5 2. Nf3 g6 3. Bg2 Bg7 4. d4 Nh6 5. 0-0 0-0 6. c4 dxc4 7. Na3 Nf5 8. e3 Nd6 9. Ne5 Be6 10. Qe2 c6 11. Naxc4 Nxc4 12. Nxc4 Bd5 13. Bh3 b5 14. Nd2 f5 15. Rd1 Qb6 16. a4 Na6 17. b3 e5 18. Ba3 Rfe8 19. dxe5 Bxe5 20. Rab1 Rad8 21. Bg2 Nc7 22. Nf3 Bg7 23. Bb2 Be4 24. Bxg7 Bxb1 25. Bf6 Rxd1+ 26. Qxd1 Nd5 27. Bd4 c5 28. Qxb1 cxd4 29. Nxd4 Nc3 30. Qd3 b4 31. Qc4+ Kg7 32. h4 Qd6 33. h5 Kh6 34. hxg6 hxg6 35. Qf7 Qe7 36. Qc4 Ne4 37. Nc6 Qc7 38. Qb5 a6 39. Qd5 Nf6 40. Qd4 Ng4 41. Nxb4 Rd8 42. Nd5 Qc1+ 43. Bf1 Qc2 44. e4 fxe4 45. Bc4 Rf8 46. Nf4 e3 47. Be2 exf2+ 48. Kf1 Qc1+ 0-1

[Event "ISR-chT"]
[Site "Israel"]
[Date "2018.01.05"]
[Round "1.4"]
[White "Postny, Evgeny"]
[Black "Aharon, Ofir"]
[Result "1-0"]
[WhiteElo "2574"]
[BlackElo "2288"]
[PlyCount "79"]
[EventDate "2018.01.05"]
[EventType "team-tourn"]
[EventRounds "11"]
[EventCountry "ISR"]
[SourceTitle "CBM 182 Extra"]
[Source "ChessBase"]
[SourceDate "2018.02.23"]
[SourceVersion "1"]
[SourceVersionDate "2018.02.23"]
[SourceQuality "1"]
[WhiteTeam "Beer Sheva"]
[BlackTeam "Kfar Saba Hapoel II"]
[WhiteTeamCountry "ISR"]
[BlackTeamCountry "ISR"]

1. d4 Nf6 2. c4 g6 3. Nf3 Bg7 4. e3 0-0 5. Be2 d6 6. Nc3 Nbd7 7. 0-0 e5 8. Qc2 Re8 9. Rd1 Qe7 10. h3 e4 11. Nd2 Nf8 12. b4 c6 13. Bb2 h5 14. d5 Bf5 15. Nb3 Rac8 16. dxc6 bxc6 17. c5 dxc5 18. Nxc5 N8d7 19. Nxd7 Nxd7 20. a3 Qg5 21. Kh1 Ne5 22. Bf1 Nd3 23. Bxd3 exd3 24. Qd2 Qh4 25. Kh2 Be5+ 26. f4 Bc7 27. Rf1 g5 28. e4 gxf4 29. exf5 f3+ 30. Kg1 Bb6+ 31. Kh1 Be3 32. Qe1 fxg2+ 33. Kxg2 Qd4 34. Qg3+ Kh7 35. Qf3 Rg8+ 36. Kh1 Qh4 37. Ne4 Bg5 38. Nxg5+ Rxg5 39. Bf6 Rcg8 40. Bxg5 1-0

[Event "ISR-ch"]
[Site "Tiberias"]
[Date "2016.12.13"]
[Round "9"]
[White "Aharon, Ofir"]
[Black "Kraus, Yair"]
[Result "1-0"]
[WhiteElo "2339"]
[BlackElo "2218"]
[PlyCount "49"]
[EventDate "2016.12.05"]
[EventType "swiss"]
[EventRounds "9"]
[EventCountry "ISR"]
[SourceTitle "CBM 176 Extra"]
[Source "ChessBase"]
[SourceDate "2017.03.02"]
[SourceVersion "1"]
[SourceVersionDate "2017.03.02"]
[SourceQuality "1"]

1. e4 c5 2. Nf3 d6 3. d4 cxd4 4. Nxd4 Nf6 5. Nc3 a6 6. Be3 e6 7. f3 b5 8. Qd2 Nbd7 9. g4 Nb6 10. g5 Nfd7 11. h4 b4 12. Nd1 d5 13. Nf2 Ne5 14. b3 Bc5 15. 0-0-0 Bb7 16. f4 Ned7 17. e5 g6 18. h5 Rf8 19. hxg6 hxg6 20. Bd3 Bxd4 21. Bxd4 a5 22. Ng4 Qc7 23. Rh7 0-0-0 24. Qe3 Na8 25. Nh6 1-0

[Event "ISR-ch"]
[Site "Tiberias"]
[Date "2016.12.10"]
[Round "6"]
[White "Aharon, Ofir"]
[Black "Taichman, Ori"]
[Result "1/2-1/2"]
[WhiteElo "2339"]
[BlackElo "2291"]
[PlyCount "109"]
[EventDate "2016.12.05"]
[EventType "swiss"]
[EventRounds "9"]
[EventCountry "ISR"]
[SourceTitle "CBM 176 Extra"]
[Source "ChessBase"]
[SourceDate "2017.03.02"]
[SourceVersion "1"]
[SourceVersionDate "2017.03.02"]
[SourceQuality "1"]

1. e4 c5 2. Nf3 Nc6 3. Bb5 d6 4. 0-0 Bd7 5. Re1 Nf6 6. c3 a6 7. Bc4 b5 8. Bf1 Bg4 9. d4 Bxf3 10. gxf3 e5 11. a4 b4 12. d5 Na5 13. f4 Nd7 14. fxe5 dxe5 15. Nd2 Bd6 16. Re3 g6 17. Rh3 f6 18. Be2 Nf8 19. Nf1 h5 20. Be3 Rg8 21. Ng3 bxc3 22. bxc3 h4 23. Nf1 f5 24. Bc1 Ra7 25. Kh1 c4 26. exf5 gxf5 27. Bh5+ Kd7 28. Bf7 Rg7 29. Qh5 Qf6 30. Be8+ Kd8 31. Be3 Rh7 32. Bxa7 Rxh5 33. Bxh5 Nd7 34. Be2 Kc7 35. Rb1 Qh8 36. f3 Be7 37. Ne3 Bc5 38. Bxc5 Nxc5 39. Nxf5 Qh7 40. Rxh4 Qxf5 41. Rg1 Nxa4 42. Rh6 Qf8 43. Rgg6 Nxc3 44. Rh7+ Kb8 45. Rb6+ Kc8 46. Rxa6 Kb8 47. Rb6+ Kc8 48. d6 Qd8 49. Ra6 Kb8 50. Rha7 Qh4 51. Ra8+ Kb7 52. R8a7+ Kb8 53. Ra8+ Kb7 54. R8a7+ Kb8 55. Ra8+ 1/2-1/2

[Event "ISR-ch"]
[Site "Tiberias"]
[Date "2016.12.09"]
[Round "5"]
[White "Gruenfeld, Yehuda"]
[Black "Aharon, Ofir"]
[Result "1-0"]
[WhiteElo "2436"]
[BlackElo "2339"]
[PlyCount "66"]
[EventDate "2016.12.05"]
[EventType "swiss"]
[EventRounds "9"]
[EventCountry "ISR"]
[SourceTitle "CBM 176 Extra"]
[Source "ChessBase"]
[SourceDate "2017.03.02"]
[SourceVersion "1"]
[SourceVersionDate "2017.03.02"]
[SourceQuality "1"]

1. e4 c5 2. Nf3 d6 3. Bb5+ Nd7 4. 0-0 a6 5. Bxd7+ Bxd7 6. d4 cxd4 7. Qxd4 Nf6 8. Nc3 e5 9. Qd3 h6 10. Re1 Be6 11. Nd2 Rc8 12. Nf1 Be7 13. Ne3 0-0 14. a4 Qb6 15. Rd1 Qc5 16. a5 Bd8 17. Qxd6 Bxa5 18. Qxc5 Rxc5 19. Ncd5 Bxd5 20. exd5 Bb6 21. c4 Rcc8 22. b3 Bd4 23. Ra2 Ne4 24. Rc2 f5 25. Bb2 Bxb2 26. Rxb2 b5 27. Rc2 bxc4 28. bxc4 g6 29. f3 Nc5 30. Ra2 Rf6 31. d6 Kf7 32. Ra5 f4 33. Rxc5 Rd8 1-0

[Event "Kiryat Ono Summer op"]
[Site "Kiryat Ono"]
[Date "2016.07.04"]
[Round "2"]
[White "Kobo, Ori"]
[Black "Aharon, Ofir"]
[Result "0-1"]
[WhiteElo "2497"]
[BlackElo "2306"]
[PlyCount "92"]
[EventDate "2016.07.03"]
[EventType "swiss"]
[EventRounds "5"]
[EventCountry "ISR"]
[SourceTitle "CBM 173 Extra"]
[Source "ChessBase"]
[SourceDate "2016.08.29"]
[SourceVersion "1"]
[SourceVersionDate "2016.08.29"]
[SourceQuality "1"]

1. e4 c5 2. Nf3 d6 3. d4 cxd4 4. Nxd4 Nf6 5. Nc3 g6 6. Be3 Bg7 7. h3 0-0 8. Qd2 Nc6 9. 0-0-0 Nxd4 10. Bxd4 Be6 11. Kb1 Qa5 12. a3 Rfc8 13. g4 Rab8 14. g5 Nh5 15. Bxg7 Kxg7 16. Be2 b5 17. Bxh5 gxh5 18. Ne2 Qxd2 19. Rxd2 Rc4 20. Nd4 b4 21. a4 b3 22. cxb3 Rc5 23. Rd3 Rxg5 24. Rc1 Rb7 25. f4 Rg2 26. f5 Bd7 27. Rdc3 Bxa4 28. Rc7 Rb6 29. R1c3 Kf6 30. Rxa7 Bb5 31. Ra5 Bf1 32. Rf3 Rg1 33. Kc2 Rh1 34. Kc3 Rxh3 35. Rxh3 Bxh3 36. b4 Bg2 37. b5 Bxe4 38. Kb4 h4 39. Ra3 Bg2 40. Ne2 h3 41. Ng3 h2 42. Ka5 Rb8 43. b6 Kg5 44. Kb5 h5 45. b4 h4 46. Ra2 hxg3 0-1

[Event "Pardubice Czech op-A 26th"]
[Site "Pardubice"]
[Date "2015.07.29"]
[Round "6"]
[White "Walter, Florian"]
[Black "Aharon, Ofir"]
[Result "0-1"]
[WhiteElo "2140"]
[BlackElo "2355"]
[PlyCount "124"]
[EventDate "2015.07.24"]
[EventType "swiss"]
[EventRounds "9"]
[EventCountry "CZE"]
[SourceTitle "CBM 167 Extra"]
[Source "ChessBase"]
[SourceDate "2015.09.14"]
[SourceVersion "1"]
[SourceVersionDate "2015.09.14"]
[SourceQuality "1"]

1. c4 g6 2. g3 c5 3. Bg2 Bg7 4. Nc3 Nc6 5. a3 e6 6. Rb1 a5 7. d3 Nge7 8. Nf3 0-0 9. 0-0 d5 10. Bd2 b6 11. Ne1 Bb7 12. Nc2 d4 13. Na4 Ra6 14. Ne1 Qa8 15. Qb3 Nc8 16. Nf3 e5 17. Ra1 Re8 18. Rfb1 h6 19. Qd1 e4 20. Ne1 Ne5 21. b4 cxb4 22. axb4 e3 23. Bc1 exf2+ 24. Kxf2 Ng4+ 25. Kg1 Ne3 26. Bxe3 dxe3 27. Bxb7 Qxb7 28. b5 Ra7 29. Ra2 Nd6 30. Rc2 Nf5 31. Nf3 Qb8 32. Qf1 Rb7 33. Qh3 Qd6 34. Nc3 Rc8 35. Nd5 Qxd5 36. cxd5 Rxc2 37. Qg4 Rbc7 38. Qf4 Rd7 39. Qb8+ Kh7 40. Qxb6 Rxe2 41. Qc6 Rd6 42. b6 Rxc6 43. dxc6 Nd4 44. Nxd4 Bxd4 45. c7 Rc2 46. b7 e2+ 47. Kh1 Rd2 48. b8Q Rd1+ 49. Kg2 e1Q 50. Rxd1 Qe2+ 51. Kh3 Qh5+ 52. Kg2 Qe2+ 53. Kh3 Qxd1 54. Qb7 Qf1+ 55. Qg2 Qf5+ 56. g4 Qxd3+ 57. Qg3 Qf1+ 58. Qg2 Qd3+ 59. Qg3 Qc4 60. Qd6 Qc3+ 61. Qg3 Qc1 62. Kg2 Bb6 0-1

[Event "EU-ch 16th"]
[Site "Jerusalem"]
[Date "2015.03.04"]
[Round "8"]
[White "Popilski, Gil"]
[Black "Aharon, Ofir"]
[Result "1/2-1/2"]
[WhiteElo "2517"]
[BlackElo "2311"]
[PlyCount "92"]
[EventDate "2015.02.24"]
[EventType "swiss"]
[EventRounds "11"]
[EventCountry "ISR"]
[SourceTitle "CBM 166"]
[Source "ChessBase"]
[SourceDate "2015.05.11"]
[SourceVersion "1"]
[SourceVersionDate "2015.05.11"]
[SourceQuality "1"]

1. d4 Nf6 2. c4 g6 3. g3 c6 4. Bg2 d5 5. e3 Bg7 6. Ne2 0-0 7. 0-0 Re8 8. b3 Nbd7 9. Bb2 e5 10. cxd5 Nxd5 11. e4 Nc7 12. Qc2 Ne6 13. dxe5 Nxe5 14. Na3 b5 15. Rad1 Qb6 16. Nf4 Ba6 17. Nxe6 Rxe6 18. b4 Bb7 19. Nb1 a5 20. a3 axb4 21. axb4 Ra4 22. Qd2 Bf8 23. Qd8 Qxd8 24. Rxd8 Nc4 25. Bc3 c5 26. bxc5 b4 27. Bd4 Na5 28. Be3 Nc6 29. Rd7 Ba6 30. Rfd1 Ra1 31. Nc3 Rxd1+ 32. Nxd1 Re7 33. Rxe7 Bxe7 34. f4 Na5 35. e5 Kf8 36. Nb2 Ke8 37. c6 Nc4 38. Bf1 Nxe3 39. Bxa6 Kd8 40. Nc4 Bc5 41. Nxe3 Bxe3+ 42. Kg2 b3 43. Bd3 Kc7 44. Be4 b2 45. Kf3 Bd4 46. g4 h6 1/2-1/2

[Event "EU-ch 16th"]
[Site "Jerusalem"]
[Date "2015.03.02"]
[Round "6"]
[White "Flom, Gabriel"]
[Black "Aharon, Ofir"]
[Result "1/2-1/2"]
[WhiteElo "2460"]
[BlackElo "2311"]
[PlyCount "78"]
[EventDate "2015.02.24"]
[EventType "swiss"]
[EventRounds "11"]
[EventCountry "ISR"]
[SourceTitle "CBM 166"]
[Source "ChessBase"]
[SourceDate "2015.05.11"]
[SourceVersion "1"]
[SourceVersionDate "2015.05.11"]
[SourceQuality "1"]

1. d4 Nf6 2. c4 g6 3. Nc3 d5 4. Nf3 Bg7 5. Qa4+ Bd7 6. Qb3 dxc4 7. Qxc4 0-0 8. Bf4 c6 9. e4 b5 10. Qd3 Qa5 11. Be2 b4 12. Nd1 c5 13. 0-0 cxd4 14. Nxd4 Nc6 15. Nb3 Qb6 16. Ne3 Be6 17. Nc4 Qb5 18. Qc2 Qa4 19. Qb1 Nd7 20. Rd1 Rac8 21. Ne3 Nb6 22. Nc5 Qa5 23. Nxe6 fxe6 24. Bg3 Nd4 25. Bf1 Rc6 26. e5 Nf5 27. Qe4 Rfc8 28. Rd8+ Rxd8 29. Qxc6 Nxg3 30. Qxe6+ Kf8 31. Nc4 Qd5 32. Qxd5 Rxd5 33. hxg3 Nxc4 34. Bxc4 Rd4 35. b3 Bxe5 36. Re1 Bf6 37. Re2 Rd1+ 38. Kh2 Bc3 39. f4 Rd2 1/2-1/2

[Event "EU-ch 16th"]
[Site "Jerusalem"]
[Date "2015.02.26"]
[Round "3"]
[White "Aharon, Ofir"]
[Black "Can, Emre"]
[Result "1/2-1/2"]
[WhiteElo "2311"]
[BlackElo "2555"]
[PlyCount "88"]
[EventDate "2015.02.24"]
[EventType "swiss"]
[EventRounds "11"]
[EventCountry "ISR"]
[SourceTitle "CBM 166"]
[Source "ChessBase"]
[SourceDate "2015.05.11"]
[SourceVersion "1"]
[SourceVersionDate "2015.05.11"]
[SourceQuality "1"]

1. e4 c5 2. Nf3 d6 3. d4 cxd4 4. Nxd4 Nf6 5. Nc3 Nc6 6. Bg5 e6 7. Qd2 Be7 8. 0-0-0 a6 9. Bxf6 gxf6 10. f4 Nxd4 11. Qxd4 b5 12. Kb1 Qc7 13. g4 Qc5 14. Qd2 Rg8 15. h3 Bb7 16. Bd3 0-0-0 17. f5 h5 18. gxh5 Kb8 19. Rhf1 Rg5 20. h6 Rh8 21. h7 Qe5 22. a4 b4 23. Ne2 a5 24. h4 Rg7 25. Rg1 Rgxh7 26. fxe6 fxe6 27. Nf4 Rc8 28. Ng6 Qc5 29. e5 f5 30. Nxe7 Rxe7 31. exd6 Qxd6 32. Rg6 Qc7 33. Qe2 Bd5 34. Ba6 Rd8 35. Bc4 Bxc4 36. Rxd8+ Qxd8 37. Qxc4 Qc7 38. Qb5+ Ka7 39. h5 Qb6 40. h6 Qxb5 41. axb5 Kb6 42. h7 Rxh7 43. Rxe6+ Kxb5 44. Re5+ Kb6 1/2-1/2

[Event "Jeruchess Winter GM"]
[Site "Jerusalem"]
[Date "2015.01.11"]
[Round "1"]
[White "Givon, Asaf"]
[Black "Aharon, Ofir"]
[Result "1-0"]
[WhiteElo "2447"]
[BlackElo "2343"]
[PlyCount "62"]
[EventDate "2015.01.11"]
[EventType "tourn"]
[EventRounds "9"]
[EventCountry "ISR"]
[EventCategory "8"]
[SourceTitle "EXT 2016"]
[Source "ChessBase"]
[SourceDate "2015.10.08"]
[SourceVersion "1"]
[SourceVersionDate "2015.10.08"]
[SourceQuality "1"]

1. e4 c5 2. c3 d5 3. exd5 Qxd5 4. Nf3 g6 5. Na3 Bg7 6. Bc4 Qe4+ 7. Be2 Nf6 8. 0-0 0-0 9. d4 Nc6 10. dxc5 Rd8 11. Qc2 Bf5 12. Qxe4 Nxe4 13. Be3 Rac8 14. Rfd1 Nb8 15. Nb5 a6 16. Na7 Rxd1+ 17. Rxd1 Re8 18. Nd4 Bd7 19. Nb3 Be6 20. Na5 Bxa2 21. Nxb7 Bb3 22. Rd8 Rxd8 23. Nxd8 Be5 24. Ndc6 Nxc6 25. Nxc6 Bc7 26. Bxa6 e5 27. Na7 Bd5 28. c4 Ba8 29. f3 Bb8 30. Nc8 Nf6 31. b4 Ba7 1-0